Štart v septembri Príprava výročných členských schôdzí ROH

Bibliographic Details
Format: Article
Language:Slovak
Subjects:

MARC

LEADER 00000nab a2200000 a 4500
001 vtls000258307
003 SK-MaSNL
005 20260302220811.0
008 190108c1986 xo 0 slo
015 |a SNBRB19rr/mm-uuuuu 
035 |a CL0268421 
040 |a SNKBUCL  |b slo  |c SNKBUCL  |e AACR2 
041 0 |a slo 
044 |a xo  |c SK 
080 |a 331.88(437)  |2 1981 
245 0 0 |a Štart v septembri  |b Príprava výročných členských schôdzí ROH 
610 2 7 |a Revolučné odborové hnutie  |2 SNKKA  |9 36449 
655 7 |a články z novín a časopisov  |2 snkbucl  |9 267496 
773 0 |t Práca  |g Roč. 41, č. 205 (1. 9. 1986), s. 1 a 2 
850 |a Slovenská národná knižnica v Martine  |a MTA001 
852 |a SNK  |b KIS3GCP 
958 |a RK 
992 |a RBX 
999 |c 1508713  |d 1510643